[Event "CZE-chT U18 Extraliga final-B 1617"]
[White "Havelka, Josef"]
[Black "Tulis, Jan"]
[Site "Czech Republic"]
[Round "10.1"]
[Result "1-0"]
[Date "2017.04.22"]
[WhiteElo "2353"]
[BlackElo "1917"]
[PlyCount "33"]
[EventDate "2016.10.01"]
[EventType "team-tourn"]
[EventRounds "11"]
[EventCountry "CZE"]
[SourceTitle "EXT 2022"]
[Source "ChessBase"]
[SourceDate "2021.10.06"]
[SourceVersion "1"]
[SourceVersionDate "2021.10.06"]
[SourceQuality "1"]
[WhiteTeam "Praha Bohemians U18"]
[BlackTeam "Policka Stefanydes U18"]
[WhiteTeamCountry "CZE"]
[BlackTeamCountry "CZE"]

1. e4 e6 2. d4 d5 3. Nd2 dxe4 4. Nxe4 Nd7 5. Nf3 Ngf6 6. Bd3 Be7 7. 0-0 0-0 8. Nxf6+ Nxf6 9. Ne5 c5 10. dxc5 Bxc5 11. Re1 Qc7 12. Bf4 Bd6 13. Qf3 Bd7 14. Nxd7 Qxd7 15. Rad1 Nd5 16. Bxd6 Qxd6 17. c4 1-0

[Event "CZE-chT U18 Extraliga Ost 1617"]
[White "Tulis, Jan"]
[Black "Straka, Vojtech1"]
[Site "Czech Republic"]
[Round "5.1"]
[Result "1-0"]
[Date "2016.12.03"]
[WhiteElo "1917"]
[BlackElo "1819"]
[PlyCount "71"]
[EventDate "2016.10.01"]
[EventType "team-tourn"]
[EventRounds "11"]
[EventCountry "CZE"]
[SourceTitle "EXT 2022"]
[Source "ChessBase"]
[SourceDate "2021.10.06"]
[SourceVersion "1"]
[SourceVersionDate "2021.10.06"]
[SourceQuality "1"]
[WhiteTeam "Policka Stefanydes U18"]
[BlackTeam "Brno Lokomotiva U18"]
[WhiteTeamCountry "CZE"]
[BlackTeamCountry "CZE"]

1. g3 d5 2. Bg2 Nf6 3. d4 c6 4. Nf3 Bf5 5. 0-0 e6 6. c4 Be7 7. Nc3 0-0 8. Qb3 Qb6 9. c5 Qxb3 10. axb3 Nbd7 11. b4 b6 12. Bf4 h6 13. Rfe1 g5 14. Bd6 Bxd6 15. cxd6 Rfd8 16. Ne5 Nb8 17. b5 Rxd6 18. bxc6 Rxc6 19. Nxc6 Nxc6 20. Ra4 Bc2 21. Raa1 Nxd4 22. e4 Bxe4 23. Nxe4 dxe4 24. Bxe4 Nxe4 25. Rxe4 Nb3 26. Ra3 Nc5 27. Rc4 Rd8 28. b4 Rd1+ 29. Kg2 Nd3 30. Ra2 h5 31. h3 Rb1 32. Rc3 Nxb4 33. Rxa7 Nd5 34. Rf3 f6 35. Rfa3 Rb4 36. Rb7 1-0

[Event "CZE-chT U18 Extraliga Ost 1617"]
[White "Tulis, Jan"]
[Black "Husek, Martin"]
[Site "Czech Republic"]
[Round "1.1"]
[Result "0-1"]
[Date "2016.10.01"]
[WhiteElo "1917"]
[BlackElo "2089"]
[PlyCount "48"]
[EventDate "2016.10.01"]
[EventType "team-tourn"]
[EventRounds "11"]
[EventCountry "CZE"]
[SourceTitle "EXT 2022"]
[Source "ChessBase"]
[SourceDate "2021.10.06"]
[SourceVersion "1"]
[SourceVersionDate "2021.10.06"]
[SourceQuality "1"]
[WhiteTeam "Policka Stefanydes U18"]
[BlackTeam "Stare Mesto U18"]
[WhiteTeamCountry "CZE"]
[BlackTeamCountry "CZE"]

1. g3 Nf6 2. Bg2 d5 3. b3 e5 4. Bb2 Bd6 5. Nf3 Qe7 6. d3 e4 7. dxe4 dxe4 8. Nd4 Be5 9. c3 0-0 10. e3 Rd8 11. Nd2 c5 12. Ne2 Nc6 13. Qc2 Bf5 14. 0-0 Bc7 15. h3 Qd7 16. Nc4 Bxh3 17. Rfd1 Qf5 18. Bh1 Bg4 19. Re1 Qh5 20. Nf4 Bxf4 21. exf4 Bf3 22. Bxf3 exf3 23. Ne3 g6 24. f5 Qh3 0-1

[Event "CZE-chT U18 Extraliga final-A 1516"]
[White "Tulis, Jan"]
[Black "Lojek, Marek"]
[Site "Czech Republic"]
[Round "11.1"]
[Result "0-1"]
[Date "2016.04.24"]
[WhiteElo "1941"]
[BlackElo "1965"]
[PlyCount "84"]
[EventDate "2015.10.03"]
[EventType "team-tourn"]
[EventRounds "11"]
[EventCountry "CZE"]
[SourceTitle "EXT 2022"]
[Source "ChessBase"]
[SourceDate "2021.10.06"]
[SourceVersion "1"]
[SourceVersionDate "2021.10.06"]
[SourceQuality "1"]
[WhiteTeam "Policka Stefanydes U18"]
[BlackTeam "Orlova Slavia U18"]
[WhiteTeamCountry "CZE"]
[BlackTeamCountry "CZE"]

1. g3 Nf6 2. Bg2 d5 3. Nf3 c5 4. b3 Nc6 5. Bb2 h6 6. d3 Bf5 7. 0-0 e6 8. Nbd2 Be7 9. e4 Bh7 10. exd5 exd5 11. a3 0-0 12. Re1 Nd7 13. d4 Bf6 14. c3 cxd4 15. Nxd4 Nxd4 16. cxd4 Nb6 17. Bh3 Re8 18. Rxe8+ Qxe8 19. Nf3 Qe4 20. Rc1 Bf5 21. Bg2 Qe8 22. Qd2 Qb5 23. Qe3 Re8 24. Ne5 Bg5 25. f4 Be7 26. g4 Bh7 27. Bf1 Qa5 28. g5 hxg5 29. fxg5 Bd6 30. Qf2 Bxe5 31. dxe5 Nd7 32. b4 Qd8 33. Qf4 Be4 34. h4 Nf8 35. Qf2 Qd7 36. Kh2 Ng6 37. h5 Nxe5 38. Bxe5 Rxe5 39. Qg3 Qf5 40. g6 Qxh5+ 41. Bh3 Bxg6 42. Rc8+ Kh7 0-1

[Event "CZE-chT1E 1516"]
[White "Tulis, Jan"]
[Black "Benes, Miroslav"]
[Site "Czech Republic"]
[Round "3.8"]
[Result "0-1"]
[Date "2015.11.15"]
[WhiteElo "1941"]
[BlackElo "2025"]
[PlyCount "94"]
[EventDate "2015.10.11"]
[EventType "team-tourn"]
[EventRounds "11"]
[EventCountry "CZE"]
[SourceTitle "CBM 169 Extra"]
[Source "ChessBase"]
[SourceDate "2015.12.18"]
[SourceVersion "1"]
[SourceVersionDate "2015.12.18"]
[SourceQuality "1"]
[WhiteTeam "Policka"]
[BlackTeam "Zlin"]
[WhiteTeamCountry "CZE"]
[BlackTeamCountry "CZE"]

1. g3 g6 2. Bg2 Bg7 3. c4 d6 4. Nc3 Nf6 5. e3 0-0 6. Nge2 c6 7. d4 Nbd7 8. 0-0 e5 9. b3 Re8 10. Ba3 exd4 11. Nxd4 Qa5 12. Bb2 Ne5 13. h3 Qc7 14. Qe2 Ned7 15. Rfd1 a6 16. Kh2 Nf8 17. Rd2 h5 18. Nf3 Bf5 19. Rad1 Rad8 20. Rc1 Ne4 21. Nxe4 Bxb2 22. Rxb2 Bxe4 23. Rd2 d5 24. Nd4 h4 25. Qg4 hxg3+ 26. Qxg3 Qxg3+ 27. Kxg3 Bxg2 28. Kxg2 dxc4 29. Rxc4 Rd5 30. Rdc2 Nd7 31. Nf3 Nf6 32. Rf4 Re6 33. Nd4 Red6 34. b4 Kg7 35. Kf3 Rh5 36. Kg3 Nd5 37. Re4 Nxb4 38. Rb2 Nd3 39. Rd2 Nc5 40. Rg4 Rhd5 41. Nf5+ Kf8 42. Rxd5 Rxd5 43. Nd4 Nd3 44. Rh4 Kg7 45. Re4 c5 46. Nc2 b5 47. Re7 Nxf2 0-1

[Event "CZE-chT U18 Extraliga West 1516"]
[White "Parizek, Vojtech"]
[Black "Tulis, Jan"]
[Site "Czech Republic"]
[Round "2.1"]
[Result "1/2-1/2"]
[Date "2015.10.03"]
[WhiteElo "1959"]
[BlackElo "1941"]
[PlyCount "129"]
[EventDate "2015.10.03"]
[EventType "team-tourn"]
[EventRounds "11"]
[EventCountry "CZE"]
[SourceTitle "EXT 2022"]
[Source "ChessBase"]
[SourceDate "2021.10.06"]
[SourceVersion "1"]
[SourceVersionDate "2021.10.06"]
[SourceQuality "1"]
[WhiteTeam "Praha Kobylisy U18"]
[BlackTeam "Policka Stefanydes U18"]
[WhiteTeamCountry "CZE"]
[BlackTeamCountry "CZE"]

1. e4 e6 2. d4 d5 3. Nc3 dxe4 4. Nxe4 Nd7 5. Nf3 Ngf6 6. Bd3 Nxe4 7. Bxe4 Nf6 8. Bd3 Bd6 9. 0-0 0-0 10. c4 c5 11. dxc5 Bxc5 12. a3 a5 13. Qe2 e5 14. Bg5 Re8 15. Rad1 Qb6 16. Bxf6 Qxf6 17. Qe4 g6 18. Qd5 Bf8 19. Rfe1 Bg7 20. c5 Rd8 21. Qxe5 Qxe5 22. Nxe5 Be6 23. f4 Bb3 24. Rd2 Rd5 25. Nf3 Rad8 26. Re3 Bf8 27. Kf1 Bxc5 28. Re5 Rxe5 29. Nxe5 Be3 30. Re2 Bxf4 31. Bc4 Bxc4 32. Nxc4 Bxh2 33. Nxa5 b5 34. Nc6 Rd6 35. Nb4 Kf8 36. Kf2 Rf6+ 37. Ke1 Bg3+ 38. Kd2 h5 39. Kc3 g5 40. Nd5 Rf5 41. Ne3 Re5 42. Kd3 Bf4 43. Nc2 Rd5+ 44. Ke4 Re5+ 45. Kd3 Rf5 46. Nd4 Rd5 47. Ke4 Rc5 48. b4 Rc4 49. Kd5 h4 50. Nxb5 Rc1 51. Nd4 Ra1 52. Nc2 Rd1+ 53. Ke4 Kg7 54. a4 Kg6 55. Nd4 Rb1 56. b5 Ra1 57. b6 Rxa4 58. Rb2 f5+ 59. Kd5 g4 60. b7 h3 61. gxh3 gxh3 62. b8Q Bxb8 63. Rxb8 h2 64. Rh8 Ra2 65. Nf3 1/2-1/2

[Event "Policka op"]
[White "Tulis, Jan"]
[Black "Vesselovsky, Serguei"]
[Site "Policka"]
[Round "5"]
[Result "0-1"]
[Date "2015.07.07"]
[WhiteElo "2021"]
[BlackElo "2342"]
[PlyCount "58"]
[EventDate "2015.07.04"]
[EventType "swiss"]
[EventRounds "9"]
[EventCountry "CZE"]
[SourceTitle "CBM 167 Extra"]
[Source "ChessBase"]
[SourceDate "2015.09.14"]
[SourceVersion "1"]
[SourceVersionDate "2015.09.14"]
[SourceQuality "1"]

1. Nf3 g6 2. g3 Bg7 3. Bg2 c5 4. c4 Nc6 5. Nc3 e6 6. 0-0 Nge7 7. d3 0-0 8. a3 d5 9. Qc2 b6 10. Bf4 Bb7 11. Rab1 Qd7 12. b4 Nd4 13. Nxd4 cxd4 14. Na2 e5 15. Bd2 dxc4 16. Qxc4 Bxg2 17. Kxg2 Rfc8 18. Qb3 Qc6+ 19. Kg1 Qc2 20. Rfd1 Qxb3 21. Rxb3 Rc2 22. Nc1 Rac8 23. Rb1 Nd5 24. Kf1 Nc3 25. Bxc3 R2xc3 26. a4 Bh6 27. Nb3 Rc2 28. b5 Ra2 29. Re1 Rcc2 0-1

[Event "Policka op"]
[White "Cerveny, Petr"]
[Black "Tulis, Jan"]
[Site "Policka"]
[Round "2"]
[Result "1/2-1/2"]
[Date "2015.07.05"]
[WhiteElo "2289"]
[BlackElo "2021"]
[PlyCount "69"]
[EventDate "2015.07.04"]
[EventType "swiss"]
[EventRounds "9"]
[EventCountry "CZE"]
[SourceTitle "CBM 167 Extra"]
[Source "ChessBase"]
[SourceDate "2015.09.14"]
[SourceVersion "1"]
[SourceVersionDate "2015.09.14"]
[SourceQuality "1"]

1. b3 e5 2. Bb2 d6 3. d4 exd4 4. Qxd4 Nc6 5. Qd2 Nf6 6. Nc3 Bf5 7. 0-0-0 Be7 8. f3 Bg6 9. Nh3 Qd7 10. Nf4 0-0-0 11. h4 h6 12. g4 Kb8 13. e4 Ne5 14. Qf2 c6 15. Nxg6 fxg6 16. Nb5 cxb5 17. Bxe5 Qc6 18. Bd4 a6 19. Bd3 Ka8 20. Kb1 Rhf8 21. Qe3 Nd7 22. Bxg7 Rf7 23. Bd4 Ne5 24. Be2 g5 25. h5 Rdf8 26. Rhf1 Rc8 27. Rc1 Rcf8 28. c4 bxc4 29. Bxe5 dxe5 30. Bxc4 Bc5 31. Qe2 Rc7 32. Bd5 Qb6 33. Rc4 Ka7 34. Rfc1 Rfc8 35. Qd3 1/2-1/2

[Event "CZE-chT2D 1415"]
[White "Tulis, Jan"]
[Black "Novotny, Ales"]
[Site "Czech Republic"]
[Round "10.8"]
[Result "1/2-1/2"]
[Date "2015.03.29"]
[WhiteElo "1847"]
[BlackElo "1871"]
[PlyCount "97"]
[EventDate "2014.11.02"]
[EventType "team-tourn"]
[EventRounds "11"]
[EventCountry "CZE"]
[SourceTitle "EXT 2022"]
[Source "ChessBase"]
[SourceDate "2021.10.06"]
[SourceVersion "1"]
[SourceVersionDate "2021.10.06"]
[SourceQuality "1"]
[WhiteTeam "Policka Stefanydes II"]
[BlackTeam "Pardubice AKIS"]
[WhiteTeamCountry "CZE"]
[BlackTeamCountry "CZE"]

1. Nf3 d5 2. b3 c5 3. Bb2 Nc6 4. g3 Bf5 5. Bg2 Nf6 6. 0-0 e6 7. d3 h6 8. Nbd2 Be7 9. a3 0-0 10. Qe1 Rc8 11. e4 Bh7 12. Qe2 b5 13. Rfd1 d4 14. e5 Nd5 15. Ne4 a5 16. c4 dxc3 17. Nxc3 Nxc3 18. Bxc3 Nd4 19. Nxd4 cxd4 20. Bb2 Qd7 21. Rd2 Rc7 22. Be4 Rfc8 23. Bxh7+ Kxh7 24. Qe4+ Kg8 25. Re1 Bc5 26. Rc2 Be7 27. Rxc7 Rxc7 28. Qa8+ Kh7 29. Re2 Ra7 30. Qe4+ g6 31. Bxd4 Rc7 32. Bb2 Qc6 33. Qxc6 Rxc6 34. d4 a4 35. b4 Rc7 36. Kg2 Bd8 37. f4 Kg7 38. g4 Kf8 39. Kf3 Rc4 40. Ke3 Bb6 41. Kd3 Ke7 42. Rc2 Rxc2 43. Kxc2 Kd7 44. Kd3 Bd8 45. Ke4 Kc6 46. Bc3 Bh4 47. Bd2 Bf2 48. h3 Bh4 49. Bc3 1/2-1/2

[Event "CZE-chT2D 1415"]
[White "Tulis, Jan"]
[Black "Kaisler, Martin"]
[Site "Czech Republic"]
[Round "9.7"]
[Result "1/2-1/2"]
[Date "2015.03.15"]
[WhiteElo "1847"]
[BlackElo "2041"]
[PlyCount "73"]
[EventDate "2014.11.02"]
[EventType "team-tourn"]
[EventRounds "11"]
[EventCountry "CZE"]
[SourceTitle "EXT 2022"]
[Source "ChessBase"]
[SourceDate "2021.10.06"]
[SourceVersion "1"]
[SourceVersionDate "2021.10.06"]
[SourceQuality "1"]
[WhiteTeam "Policka Stefanydes II"]
[BlackTeam "Lipa ZVU Engineering"]
[WhiteTeamCountry "CZE"]
[BlackTeamCountry "CZE"]

1. Nf3 Nf6 2. g3 g6 3. Bg2 Bg7 4. 0-0 0-0 5. c4 d6 6. Nc3 c6 7. d3 b6 8. Bd2 Bb7 9. Rc1 Nbd7 10. b4 Ne8 11. Be3 a5 12. b5 c5 13. Na4 e5 14. Re1 Rb8 15. Qd2 Nc7 16. Nc3 f5 17. Bg5 Qe8 18. e4 f4 19. Nd5 Nxd5 20. exd5 fxg3 21. fxg3 Nf6 22. Bh6 Bc8 23. Bxg7 Kxg7 24. Ng5 Rb7 25. Ne6+ Bxe6 26. dxe6 Re7 27. Bd5 Nh5 28. Rf1 Kg8 29. Rf7 Kh8 30. Qg5 Rexf7 31. exf7 Qd8 32. Qg4 Nf6 33. Qe6 Kg7 34. Rf1 Nh5 35. Kg2 Qc7 36. h3 Qd8 37. h4 1/2-1/2

[Event "CZE-chT U20 Extraliga Ost 1415"]
[White "Hruza, Dominik"]
[Black "Tulis, Jan"]
[Site "Czech Republic"]
[Round "7.3"]
[Result "0-1"]
[Date "2015.01.24"]
[WhiteElo "1635"]
[BlackElo "1847"]
[PlyCount "62"]
[EventDate "2014.10.11"]
[EventType "team-tourn"]
[EventRounds "11"]
[EventCountry "CZE"]
[SourceTitle "EXT 2021"]
[Source "ChessBase"]
[SourceDate "2020.10.23"]
[SourceVersion "1"]
[SourceVersionDate "2020.10.23"]
[SourceQuality "1"]
[WhiteTeam "Brno Lokomotiva (U20) II"]
[BlackTeam "Policka Stefanydes (U20)"]
[WhiteTeamCountry "CZE"]
[BlackTeamCountry "CZE"]

1. e4 c6 2. d4 d5 3. Nc3 dxe4 4. Nxe4 Nd7 5. Ng5 Ngf6 6. Bd3 e6 7. Qe2 Bd6 8. N1f3 h6 9. Ne4 Nxe4 10. Qxe4 Nf6 11. Qh4 b6 12. 0-0 Bb7 13. b3 Qc7 14. Bb2 0-0-0 15. Rfe1 g5 16. Qh3 g4 17. Qh4 gxf3 18. Qxf6 Bxh2+ 19. Kf1 fxg2+ 20. Kxg2 c5+ 21. Kf1 Rhg8 22. dxc5 Qxc5 23. Qxh6 Rg2 24. Qe3 Qh5 25. f3 Rdg8 26. Be4 Ba6+ 27. Bd3 Bxd3+ 28. Qxd3 Bc7 29. Qa6+ Kb8 30. Bd4 Qh1+ 31. Bg1 Qxg1# 0-1

[Event "CZE-chT U20 Extraliga Ost 1415"]
[White "Grundman, Vaclav"]
[Black "Tulis, Jan"]
[Site "Czech Republic"]
[Round "5.3"]
[Result "1-0"]
[Date "2014.12.06"]
[WhiteElo "1944"]
[BlackElo "1847"]
[PlyCount "67"]
[EventDate "2014.10.11"]
[EventType "team-tourn"]
[EventRounds "11"]
[EventCountry "CZE"]
[SourceTitle "EXT 2021"]
[Source "ChessBase"]
[SourceDate "2020.10.23"]
[SourceVersion "1"]
[SourceVersionDate "2020.10.23"]
[SourceQuality "1"]
[WhiteTeam "Polabiny (U20)"]
[BlackTeam "Policka Stefanydes (U20)"]
[WhiteTeamCountry "CZE"]
[BlackTeamCountry "CZE"]

1. e4 c6 2. Nc3 d5 3. Nf3 dxe4 4. Nxe4 Nd7 5. Bc4 Ngf6 6. Neg5 e6 7. Qe2 Nb6 8. Ne5 Nxc4 9. Qxc4 Nd5 10. Ngxf7 Qc7 11. d4 Rg8 12. Ng5 Bd6 13. Ngf3 Bd7 14. Bd2 c5 15. Nxd7 Kxd7 16. 0-0-0 a6 17. dxc5 b5 18. c6+ Qxc6 19. Qxc6+ Kxc6 20. Rhe1 Rae8 21. Ne5+ Kc7 22. Ba5+ Kb7 23. Bd2 Rgf8 24. f3 Rf5 25. Ng4 h5 26. Ne3 Nxe3 27. Bxe3 Kc6 28. h3 e5 29. Bg1 Rd8 30. Re4 Rd7 31. Be3 g6 32. Rd3 b4 33. Rc4+ Kb7 34. Bc5 1-0

[Event "CZE-chT2D 1415"]
[White "Vicenec, Roman"]
[Black "Tulis, Jan"]
[Site "Czech Republic"]
[Round "3.8"]
[Result "1/2-1/2"]
[Date "2014.11.30"]
[WhiteElo "2014"]
[BlackElo "1847"]
[PlyCount "51"]
[EventDate "2014.11.02"]
[EventType "team-tourn"]
[EventRounds "11"]
[EventCountry "CZE"]
[SourceTitle "EXT 2022"]
[Source "ChessBase"]
[SourceDate "2021.10.06"]
[SourceVersion "1"]
[SourceVersionDate "2021.10.06"]
[SourceQuality "1"]
[WhiteTeam "Zabreh"]
[BlackTeam "Policka Stefanydes II"]
[WhiteTeamCountry "CZE"]
[BlackTeamCountry "CZE"]

1. e4 c6 2. d4 d5 3. Nc3 dxe4 4. Nxe4 Nd7 5. Nf3 Ngf6 6. Ng3 Qc7 7. Bd3 e6 8. 0-0 Bd6 9. Re1 0-0 10. Bd2 b6 11. c4 Bb7 12. Rc1 c5 13. dxc5 Nxc5 14. Bb1 Rfd8 15. Qe2 Bxf3 16. Qxf3 Rac8 17. Bc3 Be7 18. Nh5 Nxh5 19. Qxh5 g6 20. Qf3 Bg5 21. Rcd1 Rxd1 22. Rxd1 Na4 23. b3 Nxc3 24. Qxc3 Rd8 25. Rxd8+ Qxd8 26. Qd3 1/2-1/2

[Event "Czech Fed-ch U14"]
[White "Tulis, Jan"]
[Black "Brejnik, Gustav"]
[Site "Hrdonov"]
[Round "2"]
[Result "0-1"]
[Date "2013.10.27"]
[WhiteElo "1558"]
[BlackElo "1749"]
[PlyCount "82"]
[EventDate "2013.10.26"]
[EventType "swiss"]
[EventRounds "9"]
[EventCountry "CZE"]
[SourceTitle "EXT 2016"]
[Source "ChessBase"]
[SourceDate "2015.10.08"]
[SourceVersion "1"]
[SourceVersionDate "2015.10.08"]
[SourceQuality "1"]

1. e4 c6 2. d4 d5 3. Nc3 dxe4 4. Nxe4 Bf5 5. Ng3 Bg6 6. h4 h6 7. Nf3 Nd7 8. Bd3 Bxd3 9. Qxd3 e6 10. Bf4 Bb4+ 11. c3 Be7 12. Ne4 Ngf6 13. Nd6+ Bxd6 14. Bxd6 Nb6 15. Be5 Nbd7 16. 0-0-0 Nxe5 17. Nxe5 Qa5 18. Kb1 Qc7 19. g3 0-0-0 20. Qe2 Rhe8 21. Rhe1 Re7 22. f4 Rde8 23. Nc4 Nd7 24. Rd3 Nb6 25. Nxb6+ Qxb6 26. Re3 Qc7 27. f5 Qd6 28. fxe6 Rxe6 29. Qf2 Qd5 30. Rxe6 Rxe6 31. Rxe6 Qxe6 32. b3 Qe4+ 33. Kb2 f5 34. c4 Kd7 35. Kc3 g5 36. hxg5 hxg5 37. d5 cxd5 38. cxd5 b6 39. Qd2 Qe5+ 40. Kc4 Qxg3 41. Qe2 Qg4+ 0-1

[Event "CZE-chTW U20 1213"]
[White "Hejduk, Miroslav"]
[Black "Tulis, Jan"]
[Site "Czech Republic"]
[Round "3.4"]
[Result "1-0"]
[Date "2012.10.07"]
[WhiteElo "1719"]
[BlackElo "1545"]
[PlyCount "87"]
[EventDate "2012.10.06"]
[EventType "team-tourn"]
[EventRounds "11"]
[EventCountry "CZE"]
[SourceTitle "EXT 2015"]
[Source "ChessBase"]
[SourceDate "2014.11.20"]
[SourceVersion "1"]
[SourceVersionDate "2014.11.20"]
[SourceQuality "1"]
[WhiteTeam "Liberec Desko (U20)"]
[BlackTeam "Policka (U20)"]
[WhiteTeamCountry "CZE"]
[BlackTeamCountry "CZE"]

1. d4 d5 2. Nf3 Nf6 3. e3 e6 4. c4 c6 5. Nc3 Nbd7 6. Qc2 Bb4 7. a3 Bxc3+ 8. bxc3 Ne4 9. Bd3 f5 10. 0-0 Ndf6 11. Ne5 Qa5 12. Bb2 Nd6 13. c5 Nb5 14. a4 Nc7 15. c4 Na6 16. Bc3 Qc7 17. f3 0-0 18. e4 fxe4 19. fxe4 b6 20. cxb6 axb6 21. Rf2 Bb7 22. Raf1 dxe4 23. Bxe4 Nxe4 24. Rxf8+ Rxf8 25. Rxf8+ Kxf8 26. Qxe4 c5 27. Qxh7 cxd4 28. Qh8+ Ke7 29. Qxg7+ Kd6 30. Qxc7+ Kxc7 31. Bxd4 Nc5 32. a5 Na4 33. axb6+ Nxb6 34. g4 Nd7 35. g5 Be4 36. Kf2 Nxe5 37. Bxe5+ Kc6 38. Ke3 Bg6 39. Kd4 Bf5 40. h4 Bg6 41. c5 Bh5 42. Bd6 Bg6 43. Ke5 Bh5 44. Kxe6 1-0

[Event "CZE-chTE U20 1112"]
[White "Tulis, Jan"]
[Black "Richterova, Natasa"]
[Site "Czech Republic"]
[Round "7.6"]
[Result "0-1"]
[Date "2012.01.21"]
[WhiteElo "1743"]
[BlackElo "1743"]
[PlyCount "78"]
[EventDate "2011.10.15"]
[EventType "team-tourn"]
[EventRounds "7"]
[EventCountry "CZE"]
[SourceTitle "EXT 2013"]
[Source "ChessBase"]
[SourceDate "2012.11.22"]
[SourceVersion "1"]
[SourceVersionDate "2012.11.22"]
[SourceQuality "1"]
[WhiteTeam "Policka"]
[BlackTeam "Brno Lokomotiva"]
[WhiteTeamCountry "CZE"]
[BlackTeamCountry "CZE"]

1. e4 Nf6 2. Nc3 e5 3. Nf3 Bb4 4. d3 0-0 5. Bg5 Re8 6. Be2 d6 7. h3 Nbd7 8. 0-0 Bxc3 9. bxc3 Nf8 10. c4 Ne6 11. Bh4 Nf4 12. Re1 h6 13. d4 exd4 14. Qxd4 Ne6 15. Bxf6 Nxd4 16. Bxd8 Nxe2+ 17. Rxe2 Rxd8 18. Nd4 b6 19. Re3 Bb7 20. Rd1 Re8 21. Nb5 Re7 22. Rde1 f6 23. f3 Kf7 24. Kf2 Ke8 25. f4 a6 26. Nd4 Kd7 27. Nf5 Rf7 28. g4 Re8 29. h4 Kc6 30. e5 fxe5 31. fxe5 g6 32. e6 Rf6 33. Kg3 gxf5 34. gxf5 Rxf5 35. Kg4 Re5 36. Rxe5 dxe5 37. Rxe5 Kd6 38. Re1 Rxe6 39. Rxe6+ Kxe6 0-1